<?xml version="1.0" encoding="UTF-8"?>
<record
    xmlns:xsi="http://www.w3.org/2001/XMLSchema-instance"
    xsi:schemaLocation="http://www.loc.gov/MARC21/slim http://www.loc.gov/standards/marcxml/schema/MARC21slim.xsd"
    xmlns="http://www.loc.gov/MARC21/slim">

  <leader>00846nam a22002657a 4500</leader>
  <controlfield tag="003">BPGM</controlfield>
  <controlfield tag="008">260627s        mx ||||| ||||o001 pbspa d</controlfield>
  <datafield tag="020" ind1=" " ind2=" ">
    <subfield code="a">ISBN 970-18-43334-7</subfield>
  </datafield>
  <datafield tag="040" ind1=" " ind2=" ">
    <subfield code="b">spa</subfield>
  </datafield>
  <datafield tag="041" ind1=" " ind2=" ">
    <subfield code="a">SPA</subfield>
    <subfield code="h">SPA</subfield>
  </datafield>
  <datafield tag="082" ind1="0" ind2="4">
    <subfield code="a">CQ 808.8121</subfield>
    <subfield code="b">EJ.17</subfield>
  </datafield>
  <datafield tag="100" ind1=" " ind2=" ">
    <subfield code="a">JOSE MORALES FLORES</subfield>
  </datafield>
  <datafield tag="240" ind1=" " ind2=" ">
    <subfield code="a">POES&#xCC;AS CON SABOR LAURINO</subfield>
  </datafield>
  <datafield tag="245" ind1=" " ind2=" ">
    <subfield code="a">POES&#xCC;AS CON SABOR LAURINO</subfield>
  </datafield>
  <datafield tag="260" ind1=" " ind2=" ">
    <subfield code="a">QUER&#xC8;TARO</subfield>
    <subfield code="b">LIC. ALVARO MONDRAG&#xD2;N P&#xC8;REZ</subfield>
    <subfield code="c">2001</subfield>
  </datafield>
  <datafield tag="300" ind1=" " ind2=" ">
    <subfield code="a">49</subfield>
    <subfield code="c">21,5X14</subfield>
  </datafield>
  <datafield tag="336" ind1=" " ind2=" ">
    <subfield code="2">rdacontent</subfield>
    <subfield code="a">texto</subfield>
    <subfield code="b">txt</subfield>
  </datafield>
  <datafield tag="337" ind1=" " ind2=" ">
    <subfield code="2">rdamedia</subfield>
    <subfield code="a">sin mediaci&#xF3;n</subfield>
    <subfield code="b">n</subfield>
  </datafield>
  <datafield tag="338" ind1=" " ind2=" ">
    <subfield code="2">rdacarrier</subfield>
    <subfield code="a">volumen </subfield>
    <subfield code="b">nc</subfield>
  </datafield>
  <datafield tag="600" ind1=" " ind2=" ">
    <subfield code="a">JOSE MORALES FLORES </subfield>
  </datafield>
  <datafield tag="610" ind1=" " ind2=" ">
    <subfield code="t">POES&#xCC;AS CON SABOR LAURINO</subfield>
  </datafield>
  <datafield tag="650" ind1=" " ind2=" ">
    <subfield code="a"> RETORICA Y COLECCIONES DE LITERATURA</subfield>
    <subfield code="v">LITERATURA Y RETORICA</subfield>
    <subfield code="x">GENEREALIDADES </subfield>
    <subfield code="y"> </subfield>
  </datafield>
  <datafield tag="700" ind1=" " ind2=" ">
    <subfield code="a">JOSE MORALES FLORES </subfield>
    <subfield code="e">MIGUEL BRINGAS RODRIGUEZ </subfield>
  </datafield>
  <datafield tag="942" ind1=" " ind2=" ">
    <subfield code="2">ddc</subfield>
    <subfield code="c">COLQ</subfield>
  </datafield>
  <datafield tag="952" ind1=" " ind2=" ">
    <subfield code="0">0</subfield>
    <subfield code="1">0</subfield>
    <subfield code="2">ddc</subfield>
    <subfield code="4">0</subfield>
    <subfield code="7">2</subfield>
    <subfield code="8">GENERAL</subfield>
    <subfield code="a">BPCEFC</subfield>
    <subfield code="b">BPCEFC</subfield>
    <subfield code="d">2026-06-27</subfield>
    <subfield code="e">DONACI&#xD2;N</subfield>
    <subfield code="l">0</subfield>
    <subfield code="o">CQ 808.8121 EJ.17</subfield>
    <subfield code="r">2026-06-27 21:11:06</subfield>
    <subfield code="t">EJ.2</subfield>
    <subfield code="w">2026-06-27</subfield>
    <subfield code="y">COLQ</subfield>
    <subfield code="z">NO TIENE C&#xD3;DIGO DE BARRAS</subfield>
  </datafield>
  <datafield tag="952" ind1=" " ind2=" ">
    <subfield code="0">0</subfield>
    <subfield code="1">0</subfield>
    <subfield code="2">ddc</subfield>
    <subfield code="4">0</subfield>
    <subfield code="7">2</subfield>
    <subfield code="8">GENERAL</subfield>
    <subfield code="a">BPCEFC</subfield>
    <subfield code="b">BPCEFC</subfield>
    <subfield code="d">2026-06-27</subfield>
    <subfield code="e">DONACI&#xD2;N</subfield>
    <subfield code="l">0</subfield>
    <subfield code="o">CQ 808.8121 EJ.17</subfield>
    <subfield code="r">2026-06-27 21:11:44</subfield>
    <subfield code="t">EJ.1</subfield>
    <subfield code="w">2026-06-27</subfield>
    <subfield code="y">COLQ</subfield>
    <subfield code="z">NO TIENE C&#xD3;DIGO DE BARRAS</subfield>
  </datafield>
  <datafield tag="952" ind1=" " ind2=" ">
    <subfield code="0">0</subfield>
    <subfield code="1">0</subfield>
    <subfield code="2">ddc</subfield>
    <subfield code="4">0</subfield>
    <subfield code="7">2</subfield>
    <subfield code="8">GENERAL</subfield>
    <subfield code="a">BPCEFC</subfield>
    <subfield code="b">BPCEFC</subfield>
    <subfield code="d">2026-06-27</subfield>
    <subfield code="e">DONACI&#xD2;N</subfield>
    <subfield code="l">0</subfield>
    <subfield code="o">CQ 808.8121 EJ.17</subfield>
    <subfield code="r">2026-06-27 21:12:24</subfield>
    <subfield code="t">EJ.3</subfield>
    <subfield code="w">2026-06-27</subfield>
    <subfield code="y">COLQ</subfield>
    <subfield code="z">NO TIENE C&#xD3;DIGO DE BARRAS</subfield>
  </datafield>
  <datafield tag="952" ind1=" " ind2=" ">
    <subfield code="0">0</subfield>
    <subfield code="1">0</subfield>
    <subfield code="2">ddc</subfield>
    <subfield code="4">0</subfield>
    <subfield code="7">2</subfield>
    <subfield code="8">GENERAL</subfield>
    <subfield code="a">BPCEFC</subfield>
    <subfield code="b">BPCEFC</subfield>
    <subfield code="d">2026-06-27</subfield>
    <subfield code="e">DONACI&#xD2;N</subfield>
    <subfield code="l">0</subfield>
    <subfield code="o">CQ 808.8121 EJ.17</subfield>
    <subfield code="r">2026-06-27 21:12:50</subfield>
    <subfield code="t">EJ.4</subfield>
    <subfield code="w">2026-06-27</subfield>
    <subfield code="y">COLQ</subfield>
    <subfield code="z">NO TIENE C&#xD3;DIGO DE BARRAS</subfield>
  </datafield>
  <datafield tag="952" ind1=" " ind2=" ">
    <subfield code="0">0</subfield>
    <subfield code="1">0</subfield>
    <subfield code="2">ddc</subfield>
    <subfield code="4">0</subfield>
    <subfield code="7">2</subfield>
    <subfield code="8">GENERAL</subfield>
    <subfield code="a">BPCEFC</subfield>
    <subfield code="b">BPCEFC</subfield>
    <subfield code="d">2026-06-27</subfield>
    <subfield code="e">DONACI&#xD2;N</subfield>
    <subfield code="l">0</subfield>
    <subfield code="o">CQ 808.8121 EJ.17</subfield>
    <subfield code="r">2026-06-27 21:13:06</subfield>
    <subfield code="t">EJ.5</subfield>
    <subfield code="w">2026-06-27</subfield>
    <subfield code="y">COLQ</subfield>
    <subfield code="z">NO TIENE C&#xD3;DIGO DE BARRAS</subfield>
  </datafield>
  <datafield tag="952" ind1=" " ind2=" ">
    <subfield code="0">0</subfield>
    <subfield code="1">0</subfield>
    <subfield code="2">ddc</subfield>
    <subfield code="4">0</subfield>
    <subfield code="7">0</subfield>
    <subfield code="8">GENERAL</subfield>
    <subfield code="a">BPCEFC</subfield>
    <subfield code="b">BPCEFC</subfield>
    <subfield code="d">2026-06-27</subfield>
    <subfield code="e">DONACION </subfield>
    <subfield code="l">0</subfield>
    <subfield code="o">CQ 808.8121 EJ.17</subfield>
    <subfield code="r">2026-06-27 21:14:17</subfield>
    <subfield code="t">EJ.6</subfield>
    <subfield code="w">2026-06-27</subfield>
    <subfield code="y">COLQ</subfield>
    <subfield code="z">NO TIENE C&#xD3;DIGO DE BARRAS</subfield>
  </datafield>
  <datafield tag="952" ind1=" " ind2=" ">
    <subfield code="0">0</subfield>
    <subfield code="1">0</subfield>
    <subfield code="2">ddc</subfield>
    <subfield code="4">0</subfield>
    <subfield code="7">2</subfield>
    <subfield code="8">GENERAL</subfield>
    <subfield code="a">BPCEFC</subfield>
    <subfield code="b">BPCEFC</subfield>
    <subfield code="d">2026-06-27</subfield>
    <subfield code="e">DONACI&#xD2;N</subfield>
    <subfield code="l">0</subfield>
    <subfield code="o">CQ 808.8121 EJ.17</subfield>
    <subfield code="r">2026-06-27 21:15:12</subfield>
    <subfield code="t">EJ.7</subfield>
    <subfield code="w">2026-06-27</subfield>
    <subfield code="y">COLQ</subfield>
    <subfield code="z">NO TIENE C&#xD3;DIGO DE BARRAS</subfield>
  </datafield>
  <datafield tag="952" ind1=" " ind2=" ">
    <subfield code="0">0</subfield>
    <subfield code="1">0</subfield>
    <subfield code="2">ddc</subfield>
    <subfield code="4">0</subfield>
    <subfield code="7">2</subfield>
    <subfield code="8">GENERAL</subfield>
    <subfield code="a">BPCEFC</subfield>
    <subfield code="b">BPCEFC</subfield>
    <subfield code="d">2026-06-27</subfield>
    <subfield code="e">DONACI&#xD2;N</subfield>
    <subfield code="l">0</subfield>
    <subfield code="o">CQ 808.8121 EJ.17</subfield>
    <subfield code="r">2026-06-27 21:15:32</subfield>
    <subfield code="t">EJ.8</subfield>
    <subfield code="w">2026-06-27</subfield>
    <subfield code="y">COLQ</subfield>
    <subfield code="z">NO TIENE C&#xD3;DIGO DE BARRAS</subfield>
  </datafield>
  <datafield tag="952" ind1=" " ind2=" ">
    <subfield code="0">0</subfield>
    <subfield code="1">0</subfield>
    <subfield code="2">ddc</subfield>
    <subfield code="4">0</subfield>
    <subfield code="7">2</subfield>
    <subfield code="8">GENERAL</subfield>
    <subfield code="a">BPCEFC</subfield>
    <subfield code="b">BPCEFC</subfield>
    <subfield code="d">2026-06-27</subfield>
    <subfield code="e">DONACI&#xD2;N</subfield>
    <subfield code="l">0</subfield>
    <subfield code="o">CQ 808.8121 EJ.17</subfield>
    <subfield code="r">2026-06-27 21:15:47</subfield>
    <subfield code="t">EJ.9</subfield>
    <subfield code="w">2026-06-27</subfield>
    <subfield code="y">COLQ</subfield>
    <subfield code="z">NO TIENE C&#xD3;DIGO DE BARRAS</subfield>
  </datafield>
  <datafield tag="952" ind1=" " ind2=" ">
    <subfield code="0">0</subfield>
    <subfield code="1">0</subfield>
    <subfield code="2">ddc</subfield>
    <subfield code="4">0</subfield>
    <subfield code="7">2</subfield>
    <subfield code="a">BPCEFC</subfield>
    <subfield code="b">BPCEFC</subfield>
    <subfield code="d">2026-06-27</subfield>
    <subfield code="e">DONACION </subfield>
    <subfield code="l">0</subfield>
    <subfield code="o">CQ 808.8121 EJ.17</subfield>
    <subfield code="r">2026-06-27 21:19:47</subfield>
    <subfield code="t">EJ.10</subfield>
    <subfield code="w">2026-06-27</subfield>
    <subfield code="y">COLQ</subfield>
  </datafield>
  <datafield tag="952" ind1=" " ind2=" ">
    <subfield code="0">0</subfield>
    <subfield code="1">0</subfield>
    <subfield code="2">ddc</subfield>
    <subfield code="4">0</subfield>
    <subfield code="7">2</subfield>
    <subfield code="a">BPCEFC</subfield>
    <subfield code="b">BPCEFC</subfield>
    <subfield code="d">2026-06-27</subfield>
    <subfield code="e">DONACION </subfield>
    <subfield code="l">0</subfield>
    <subfield code="o">CQ 808.8121 EJ.17</subfield>
    <subfield code="r">2026-06-27 21:20:04</subfield>
    <subfield code="t">EJ.11</subfield>
    <subfield code="w">2026-06-27</subfield>
    <subfield code="y">COLQ</subfield>
  </datafield>
  <datafield tag="952" ind1=" " ind2=" ">
    <subfield code="0">0</subfield>
    <subfield code="1">0</subfield>
    <subfield code="2">ddc</subfield>
    <subfield code="4">0</subfield>
    <subfield code="7">2</subfield>
    <subfield code="a">BPCEFC</subfield>
    <subfield code="b">BPCEFC</subfield>
    <subfield code="d">2026-06-27</subfield>
    <subfield code="e">DONACION </subfield>
    <subfield code="l">0</subfield>
    <subfield code="o">CQ 808.8121 EJ.17</subfield>
    <subfield code="r">2026-06-27 21:20:20</subfield>
    <subfield code="t">EJ.12</subfield>
    <subfield code="w">2026-06-27</subfield>
    <subfield code="y">COLQ</subfield>
  </datafield>
  <datafield tag="952" ind1=" " ind2=" ">
    <subfield code="0">0</subfield>
    <subfield code="1">0</subfield>
    <subfield code="2">ddc</subfield>
    <subfield code="4">0</subfield>
    <subfield code="7">2</subfield>
    <subfield code="a">BPCEFC</subfield>
    <subfield code="b">BPCEFC</subfield>
    <subfield code="d">2026-06-27</subfield>
    <subfield code="e">DONACION </subfield>
    <subfield code="l">0</subfield>
    <subfield code="o">CQ 808.8121 EJ.17</subfield>
    <subfield code="r">2026-06-27 21:20:38</subfield>
    <subfield code="t">EJ.13</subfield>
    <subfield code="w">2026-06-27</subfield>
    <subfield code="y">COLQ</subfield>
  </datafield>
  <datafield tag="952" ind1=" " ind2=" ">
    <subfield code="0">0</subfield>
    <subfield code="1">0</subfield>
    <subfield code="2">ddc</subfield>
    <subfield code="4">0</subfield>
    <subfield code="7">2</subfield>
    <subfield code="a">BPCEFC</subfield>
    <subfield code="b">BPCEFC</subfield>
    <subfield code="d">2026-06-27</subfield>
    <subfield code="e">DONACION </subfield>
    <subfield code="l">0</subfield>
    <subfield code="o">CQ 808.8121 EJ.17</subfield>
    <subfield code="r">2026-06-27 21:20:54</subfield>
    <subfield code="t">EJ.14</subfield>
    <subfield code="w">2026-06-27</subfield>
    <subfield code="y">COLQ</subfield>
  </datafield>
  <datafield tag="952" ind1=" " ind2=" ">
    <subfield code="0">0</subfield>
    <subfield code="1">0</subfield>
    <subfield code="2">ddc</subfield>
    <subfield code="4">0</subfield>
    <subfield code="7">2</subfield>
    <subfield code="a">BPCEFC</subfield>
    <subfield code="b">BPCEFC</subfield>
    <subfield code="d">2026-06-27</subfield>
    <subfield code="e">DONACION </subfield>
    <subfield code="l">0</subfield>
    <subfield code="o">CQ 808.8121 EJ.17</subfield>
    <subfield code="r">2026-06-27 21:21:14</subfield>
    <subfield code="t">EJ.15</subfield>
    <subfield code="w">2026-06-27</subfield>
    <subfield code="y">COLQ</subfield>
  </datafield>
  <datafield tag="952" ind1=" " ind2=" ">
    <subfield code="0">0</subfield>
    <subfield code="1">0</subfield>
    <subfield code="2">ddc</subfield>
    <subfield code="4">0</subfield>
    <subfield code="7">2</subfield>
    <subfield code="a">BPCEFC</subfield>
    <subfield code="b">BPCEFC</subfield>
    <subfield code="d">2026-06-27</subfield>
    <subfield code="e">DONACION </subfield>
    <subfield code="l">0</subfield>
    <subfield code="o">CQ 808.8121 EJ.17</subfield>
    <subfield code="r">2026-06-27 21:21:55</subfield>
    <subfield code="t">EJ.16</subfield>
    <subfield code="w">2026-06-27</subfield>
    <subfield code="y">COLQ</subfield>
  </datafield>
  <datafield tag="952" ind1=" " ind2=" ">
    <subfield code="0">0</subfield>
    <subfield code="1">0</subfield>
    <subfield code="2">ddc</subfield>
    <subfield code="4">0</subfield>
    <subfield code="7">2</subfield>
    <subfield code="a">BPCEFC</subfield>
    <subfield code="b">BPCEFC</subfield>
    <subfield code="d">2026-06-27</subfield>
    <subfield code="e">DONACION </subfield>
    <subfield code="l">0</subfield>
    <subfield code="o">CQ 808.8121 EJ.17</subfield>
    <subfield code="r">2026-06-27 21:22:07</subfield>
    <subfield code="t">EJ.17</subfield>
    <subfield code="w">2026-06-27</subfield>
    <subfield code="y">COLQ</subfield>
  </datafield>
  <datafield tag="952" ind1=" " ind2=" ">
    <subfield code="0">0</subfield>
    <subfield code="1">0</subfield>
    <subfield code="2">ddc</subfield>
    <subfield code="4">0</subfield>
    <subfield code="7">2</subfield>
    <subfield code="a">BPCEFC</subfield>
    <subfield code="b">BPCEFC</subfield>
    <subfield code="d">2026-06-27</subfield>
    <subfield code="e">DONACION </subfield>
    <subfield code="l">0</subfield>
    <subfield code="o">CQ 808.8121 EJ.17</subfield>
    <subfield code="r">2026-06-27 21:22:21</subfield>
    <subfield code="t">EJ.18</subfield>
    <subfield code="w">2026-06-27</subfield>
    <subfield code="y">COLQ</subfield>
  </datafield>
  <datafield tag="999" ind1=" " ind2=" ">
    <subfield code="c">68699</subfield>
    <subfield code="d">68699</subfield>
  </datafield>
</record>
